Protección pasiva en estructuras contra el fuego
محفوظ في:
| المؤلف الرئيسي: | |
|---|---|
| مؤلفون آخرون: | |
| التنسيق: | كتاب |
| منشور في: |
San José, Costa Rica
2006
|
| الموضوعات: | |
| الوسوم: |
إضافة وسم
لا توجد وسوم, كن أول من يضع وسما على هذه التسجيلة!
|
MARC
| LEADER | 00000nam a2200000Ia 4500 | ||
|---|---|---|---|
| 003 | 009754 | ||
| 005 | 20240207093006.0 | ||
| 008 | 140114s2006 cr a m 000 ||s d | ||
| 040 | |c cru CEDI | ||
| 100 | |a Cascante Elizondo, Laura, 1981- |9 2352 | ||
| 245 | |a Protección pasiva en estructuras contra el fuego | ||
| 260 | |a San José, Costa Rica |c 2006 | ||
| 300 | |a xiii, 227 hojas : ilustraciones a color | ||
| 500 | |a Proyecto de graduación(licenciatura en ingeniería civil)--Universidad de Costa Rica. Escuela de Ingeniería Civil | ||
| 501 | |a Director del Proyecto de Graduación: Ing. Roberto Fernández Morales | ||
| 650 | |x INCENDIOS |x PREVENCION |x EDIFICIOS |x MEDIDAS DE SEGURIDAD |x DISEÑO DE ESTRUCTURAS |x RESISTENCIA DE MATERIALES |9 5551 | ||
| 700 | |a Fernández Morales, Roberto |d Director del TFG |9 737 | ||
| 942 | |c TFG |h TFG 5282 |i 009754 |6 TFG_5282_009754000000000 | ||
| 999 | |c 17142 |d 17142 | ||
